000 00595nam a2200181Ia 4500
008 090122s9999 xx 000 0 und d
082 _b11720
100 _aहरकरे
_bअरूण
245 _aकाही तासांसाठी
260 _bविद्यार्थी
_c2006
300 _a200
501 _aभारत बुक सर्व्हिस / बि.नं.333-34-35
600 _aहरकरे
630 _aकाही तासांसाठी
700 _aहरकरे
730 _aकाही तासांसाठी
942 _cBOOK
999 _c35797
_d35797